LEADER 01031nam a2200277 i 4500 001 000000173211 003 CaOOAMICUS 005 20080710000000.0 008 080710s1998 it u000 u mul u 013 $a150663 020 $a88-04-44733-8 040 $aSeMil$bita 100 1 $aWeil, Simone,$d<1909-1943>.$0(OLS)http://semarc/name/8684 245 10$aPoesie /$cSimone Weil ; a cura di Roberto Carifi. 260 $aMilano :$bMondadori,$c1998. 300 $a67 p. ;$c18 cm. 490 0 $aI mistici 500 $aTesto francese a fronte. 700 1 $aCarifi, Roberto,$d<1948- >.$0(OLS)http://semarc/name/25623 830 2$aI mistici.$0(OLS)http://semarc/title/7935 850 $aSeMil 852 $aSeMil$W1$xVenegono$y1$m1M II 2$j124058$B124058$CSeMilBibl$Z2$F135558 $81 961 $aOmaggio: Biblioteca Ambrosiana 996 $6020$a88-04-44733-8$9(OLS)http://semarc/number/160797 996 $6245$aPoesie$9(OLS)http://semarc/title/2285 996 $6260$aMilano :$bMondadori$9(OLS)http://semarc/publisher/30335 LEADER 01294nam a2200265 4500 001 000000337683 003 CaOOAMICUS 005 20191205121526.0 008 191104s2003 it 000 u ita r 020 $a88-315-2408-9 040 $aSeMil$bita 245 10$aAssenza, pił acuta presenza :$bil percorso umano di fronte all'esperienza della perdita e del lutto /$ca cura di Livia Crozzoli Aite. 264 1$aMilano :$bPaoline,$c2003. 300 $a396 p. ;$c22 cm 650 4$aMorte - Aspetti socio-culturali.$0(OLS)http://semarc/subject/3809 650 4$aMorte - Aspetti psicologici.$0(OLS)http://semarc/subject/7211 650 4$aLutto - Aspetti psicologici.$0(OLS)http://semarc/subject/13523 700 1 $aCrozzoli Aite, Livia,$ecuratore.$0(OLS)http://semarc/name/110448 830 0$aSaggistica Paoline ;$v14.$0(OLS)http://semarc/title/10059 850 $aSeMil 852 $aSeMil$W1$xVenegono$y1$m2O VII 72$j218063$B230079$CSeMilBibl$Z2$F230079 $81 996 $6020$a88-315-2408-9$9(OLS)http://semarc/number/289102 996 $6245$aAssenza, pił acuta presenza :$bil percorso umano di fronte all'esperienza della perdita e del lutto$9(OLS)http://semarc/title/426648 996 $6264$aMilano :$bPaoline$9(OLS)http://semarc/publisher/29684